000 00555nam a2200205Ia 4500
003 GCL
008 140319s9999 xx 000 0 aFre d
020 _a3822889725
040 _aGCL /
_cGCL
082 0 4 _a759
_bD S
100 1 _aDEIMLING, BARBARA
245 1 0 _aSANDRO BOTTICELLI 1444\45 - 1510 /
_cDEIMLING, BARBARA
260 _aالمانيا :
_bBENEDIKT TASCHEN ،
_c1994
300 _a96 P
_bILL. ؛
_c30 cm.
650 0 4 _aARTS
650 0 4 _aPAINTING
650 0 4 _aPAINTERS
650 0 4 _aBOTTICELLI, SANDRO 1444\45 - 1510
942 _2ddc
_cBK
999 _c7662
_d7662